Normal view
MARC view
Entry Personal Name
001 - CONTROL NUMBER
- control field: 8985
003 - CONTROL NUMBER IDENTIFIER
- control field: OSt
005 - DATE AND TIME OF LATEST TRANSACTION
- control field: 20160526142848.0
008 - FIXED-LENGTH DATA ELEMENTS
- fixed length control field: 160526|| aca||aabn | a|a d
040 ## - CATALOGING SOURCE
- Original cataloging agency: OSt
- Transcribing agency: OSt
100 ## - HEADING--PERSONAL NAME
- Personal name: Chaitow,Leon;Fritz,Sandy.
670 ## - SOURCE DATA FOUND
- Source citation: Work cat.: (OSt): Chaitow,Leon;Fritz,Sandy., A Massage Therapist's gouide to lower back and pelvic Pain., 2007.
